Normal view
MARC view
- Escobedo. Jesús,
Entry Nombre Personal
001 - NUMERO DE CONTROL
- campo de control: 53658
003 - IDENTIFICADOR DE NUMERO DE CONTROL
- campo de control: MX-MxUPN
005 - FECHA Y HORA DE LA ÜLTIMA TRANSACCIÓN
- campo de control: 20240920161053.0
008 - DATOS DE LONGITUD FIJA
- campo de control de longitud fija: 240920nn acnnnaabn a aaa d
040 ## - FUENTE DE CATALOGACIÓN
- Agencia original de catalogación: MX-MxUPN
- Lenguaje de catalogación: spa
100 1# - ENCABEZAMIENTO - NOMBRE PERSONAL
- Nombre personal: Escobedo. Jesús,
- Fechas asociadas con el nombre: 1918-1978
400 1# - VEÁSE - NOMBRE DE PERSONA
- Personal name: Escobedo Trejo, Jesús,
- Dates associated with a name: 1918-1978
670 ## - FUENTE EN LA QUE SE LOCALIZARON DATOS
- Cita de la fuente: La máscara que hablaba, 2022 :
- Información localizada: portada (Jesús Escobedo)
670 ## - FUENTE EN LA QUE SE LOCALIZARON DATOS
- Cita de la fuente: Wikipedia, 20 septiembre 2024 :
- Información localizada: Jesus Escobedo (Jesús Escobedo Trejo -June 24, 1918 – October 13, 1978- was a Mexican artist specializing in drawing and engraving, one of the founding members of the Salón de la Plástica Mexicana)
902 ## - CATALOGADOR
- Catalogador: VíctorGodínez/200924
